000 00750nam a22001337a 4500
040 _cRUA
082 _aVEM SIM 2014 B440 Or.1
100 _aSIM SREYPOV ; ស៊ឹម ស្រីពៅ
245 _aEffect of bivermectin on gastrointestinal parasites in cattle in ang snoul district, kandal province, ប្រសិទ្ធភាព Bivermectin ចំពោះវត្តមានបរាសិតខាងក្នុងក្រពះពោះវៀនគោ នៅក្នុងស្រុកអង្គស្នួល ខេត្តកណ្ដាល.
260 _aPhnom Penh
_bRUA
_c2014
300 _ax ;40p.
_bill.
_c29cm.
856 _uhttps://drive.google.com/file/d/1JXwsc94beYZ5pLJDxTheAxHNgrIwEoAA/view?usp=sharing
942 _cVEM
999 _c7166
_d7166